|
|
|
|
| LEADER |
00000nam0a2200000 4500 |
| 001 |
161947 |
| 005 |
20231031160120.0 |
| 010 |
|
|
|a 5120020232
|
| 035 |
|
|
|a (RuTPU)RU\TPU\book\175619
|
| 090 |
|
|
|a 161947
|
| 100 |
|
|
|a 20090616d1991 k y0rusy50 ca
|
| 101 |
0 |
|
|a rus
|
| 102 |
|
|
|a RU
|
| 105 |
|
|
|a a z 001zy
|
| 200 |
1 |
|
|a Разрушение элементов конструкций с несквозными трещинами
|f В. В. Панасюк, А. И. Сушинский, К. Б. Кацов
|g Академия наук Украинской ССР (АН УССР), Физико-механический институт (ФМИ) ; под ред. О. Н. Романива
|
| 210 |
|
|
|a Киев
|c Наукова думка
|d 1991
|
| 215 |
|
|
|a 172 с.
|c ил.
|
| 320 |
|
|
|a Библиогр.: с. 157-169.
|
| 610 |
1 |
|
|a трещины
|
| 610 |
1 |
|
|a разрушение
|
| 610 |
1 |
|
|a напряженно-деформированное состояние
|
| 610 |
1 |
|
|a конструкционные материалы
|
| 610 |
1 |
|
|a распространение
|
| 610 |
1 |
|
|a трещиностойкость
|
| 610 |
1 |
|
|a диаграммы
|
| 610 |
1 |
|
|a пластины
|
| 675 |
|
|
|a 539.3/6
|v 3
|
| 700 |
|
1 |
|a Панасюк
|b В. В.
|g Владимир Васильевич
|
| 701 |
|
1 |
|a Сушинский
|b А. И.
|g Александр Иванович
|
| 701 |
|
1 |
|a Кацов
|b К. Б.
|g Константин Борисович
|
| 702 |
|
1 |
|a Романив
|b О. Н.
|4 340
|
| 712 |
0 |
2 |
|a Академия наук Украинской ССР (АН УССР)
|b Физико-механический институт (ФМИ)
|c (Львов)
|2 stltpush
|3 (RuTPU)RU\TPU\col\1181
|
| 801 |
|
1 |
|a RU
|b 63413507
|c 20090616
|g PSBO
|
| 801 |
|
2 |
|a RU
|b 63413507
|c 20190530
|g RCR
|
| 942 |
|
|
|c BK
|